Science, technology, and innovation (Record no. 40132)
[ view plain ]
| 000 -LEADER | |
|---|---|
| fixed length control field | 02555nam a2200421Ia 4500 |
| 245 00 - TITLE STATEMENT | |
| Title | Science, technology, and innovation |
| 260 ## - PUBLICATION, DISTRIBUTION, ETC. (IMPRINT) | |
| Place of publication | Washington, D.C. : |
| Name of publisher | World Bank, |
| Year of publication | c2008. |
| 300 ## - PHYSICAL DESCRIPTION | |
| Number of Pages | xxii, 211 p. : |
| Other physical details | ill., map. |
| 490 1# - SERIES STATEMENT | |
| Series statement | Directions in development. Science, technology, and innovation |
| 500 ## - GENERAL NOTE | |
| General note | Report based on The Global Forum on Building Science, Technology and Innovation Capacity for Sustainable Growth and Poverty Reduction, held in Washington, D.C. on February 13-15, 2007, and sponsored by The World Bank in cooperation with the Canadian International Development Agency (CIDA), the United Kingdom's Department for International Development (DFID), the Global Research Alliance (GRA), the Inter-American Development Bank (IDB), the Science Initiative Group (SIG), the United Nations Conference on Trade and Development (UNCTAD), and the United Nations Educational, Scientific and Cultural Organization (UNESCO). |
| 650 #0 - SUBJECT ADDED ENTRY--TOPICAL TERM | |
| Topical Term | Research, Industrial |
| Topical Term | Science |
| Topical Term | Science |
| Topical Term | Sustainable development |
| Topical Term | Technical assistance |
| Topical Term | Technological innovations |
| 700 1# - ADDED ENTRY--PERSONAL NAME | |
| Personal name | Ehst, Michael. |
| Personal name | Watkins, Alfred J. |
| 856 40 - ELECTRONIC LOCATION AND ACCESS | |
| Uniform Resource Identifier | http://site.ebrary.com/lib/rucke/Doc?id=10231570 |
No items available.
